Megyebizottsági tagok választása

V Michalovskom okrese na uprázdnené miesta členov výborov zvolili v Nacinej Vsi Jána Pajora obvodného notára za Michalovce-vidiek. V Malčiciach Tihaméra Stépána, v Rakovci nad Ondavou slúžneho Jozefa Somodyho, v Pozdišovciach Júliusa Füzesséryho močaranského notára [Močarany dnes Michalovce]...

Celý popis

Podrobná bibliografia
Médium: Článok
Jazyk:Hungarian
Témy:
Zdroj: 1. Felső-Zemplén : Társadalmi hetilap 1. Roč. 17, č. 43 (20.10.1912) s. 2
LEADER 01932nab#a2200481#ar4500
001 000076922
003 SVKKK
005 20100817102930.0
008 080929d1912 xo |||||||||||||||b|hun
FMT
038 |a SVKKK 
040 |a SVKKK  |b slo  |e AACR2 
041 0 |a hun 
044 |a xo  |c SK 
080 |a 353  |2 1997 
080 |a 347.961  |2 1997 
080 |a 929 Füzesséry, Július  |2 1997 
242 1 0 |a Voľba členov župných výborov  |y slo 
245 1 0 |a Megyebizottsági tagok választása 
520 2 |a V Michalovskom okrese na uprázdnené miesta členov výborov zvolili v Nacinej Vsi Jána Pajora obvodného notára za Michalovce-vidiek. V Malčiciach Tihaméra Stépána, v Rakovci nad Ondavou slúžneho Jozefa Somodyho, v Pozdišovciach Júliusa Füzesséryho močaranského notára [Močarany dnes Michalovce] 
600 1 4 |a Füzesséry, Július  |x notár  |z Močarany (Slovensko)!  |x pôsobenie 
600 1 4 |a Pajor, Ján  |x notár  |z Michalovce (Slovensko)  |x pôsobenie 
600 1 4 |a Somody, Jozef  |x slúžny  |z Rakovec nad Ondavou (Slovensko)  |x pôsobenie 
650 0 4 |a Stépán, Tihamér  |x notár  |z Malčice (Slovensko)  |x pôsobenie 
650 0 4 |a výbory župné (Zemplínska župa)  |x voľba členov  |z Sátoraljaújhely (Slovensko/Maďarsko)  |y 1912 
655 4 |a hungariká 
773 0 |t Felső-Zemplén : Társadalmi hetilap  |g Roč. 17, č. 43 (20.10.1912) s. 2 
957 |a Malčice 
957 |a Michalovce 
957 |a Močarany 
957 |a Nacina Ves 
957 |a Pozdišovce 
957 |a Rakovec nad Ondavou 
958 |a DG 
958 |a HU 
974 |a Ba 
992 |a RBX 
997 |a Füzesséry, Gyula p. Füzesséry, Július  |d Močarany 
997 |a Pajor, János p. Pajor, Ján  |d Nagymihály p. Michalovce 
997 |a Somody, József p. Somody, Jozef  |d Rakóc p. Rakovec nad Ondavou 
997 |a Stépán, Tihamér p. Stépán, Tichomír  |d Málca p. Malčice 
BAS
998 |a RETRO